[Event "AUTO-OPEN-3890"]
[Site "http://www.queenalice.com/game.php?id=1511022"]
[Date "2018.1.8"]
[Round "1"]
[White "welligton"]
[Black "bonow"]
[Result "0-1"]
[WhiteElo "1136"]
[BlackElo "2193"]

1. e4 e5 2. Bb5 Nc6 3. Nf3 a6 4. Bc4 h6 5. O-O Nf6 6. d3 d5 7. exd5 Nxd5 8. Bxd5
Qxd5 9. Re1 Be6 10. Nc3 Qd6 11. d4 exd4 0-1

[Event "AUTO-OPEN-4330"]
[Site "http://www.queenalice.com/game.php?id=1777301"]
[Date "2021.12.15"]
[Round "1"]
[White "clovis"]
[Black "welligton"]
[Result "1-0"]
[WhiteElo "2053"]
[BlackElo "1160"]

1. e4 e5 2. f4 exf4 3. Nf3 Bb4 4. Bc4 d6 5. O-O h5 6. d4 Bg4 7. h3 g5 8. hxg4
hxg4 9. Nxg5 f3 10. Bxf7+ Ke7 11. gxf3 gxf3 12. Qxf3 d5 13. Bxd5 c6 14. Qf7+ Kd6
15. Bf4# 1-0

[Event "AUTO-OPEN-4330"]
[Site "http://www.queenalice.com/game.php?id=1777302"]
[Date "2021.12.15"]
[Round "1"]
[White "welligton"]
[Black "clovis"]
[Result "0-1"]
[WhiteElo "1156"]
[BlackElo "2084"]

1. e4 e5 2. Nf3 Nc6 3. Nc3 Nf6 4. Bb5 Bc5 5. O-O d6 6. b3 O-O 7. d3 Bg4 8. b4
Bxb4 9. Re1 Bxc3 10. Rb1 Nd4 11. a4 Bxe1 12. Qxe1 Bxf3 13. c3 Nxb5 14. axb5 Bh5
15. d4 Bg6 16. c4 Bxe4 17. Ba3 exd4 18. f3 Bxb1 19. Qxb1 Re8 0-1

[Event "AUTO-OPEN-4330"]
[Site "http://www.queenalice.com/game.php?id=1777332"]
[Date "2021.12.15"]
[Round "1"]
[White "lanzafame022"]
[Black "welligton"]
[Result "1-0"]
[WhiteElo "1765"]
[BlackElo "1158"]

1. e4 e5 2. Nf3 Nf6 3. Nxe5 Bb4 4. Bc4 O-O 5. c3 Qe8 6. Bxf7+ Rxf7 7. Nxf7 Kxf7
8. cxb4 a5 9. O-O axb4 10. e5 d6 11. exf6 Kxf6 12. b3 Ra5 13. Bb2+ Kf7 14. Qh5+
Rxh5 15. a3 Qe4 16. axb4 b5 17. Nc3 Qh4 18. h3 Bxh3 19. g3 Qg5 20. Ne4 Qh6 21.
Rfe1 g5 22. Ra7 Be6 23. Rxc7+ Ke8 24. Nf6+ Kd8 25. Nxh5 Qxh5 26. Rxh7 Qg4 27.
Bf6+ Ke8 28. Re7+ Kf8 29. R1xe6 Nc6 30. Re4 Qd1+ 31. Re1 Qh5 32. Bg7+ Kg8 33.
Rc1 d5 34. Rxc6 Kh7 35. Rh6+ Kg8 36. Rxh5 d4 37. Rh8# 1-0

[Event "AUTO-OPEN-4330"]
[Site "http://www.queenalice.com/game.php?id=1777333"]
[Date "2021.12.15"]
[Round "1"]
[White "welligton"]
[Black "avieytoa"]
[Result "0-1"]
[WhiteElo "1158"]
[BlackElo "1852"]

1. e4 e5 2. d3 Nf6 3. Nf3 Nc6 4. Be2 Bb4+ 5. Bd2 Bxd2+ 6. Qxd2 d6 7. O-O Be6 8.
d4 Nxe4 9. Qe1 exd4 10. Bb5 d5 11. c3 dxc3 12. bxc3 Nc5 13. Qe2 O-O 14. Na3 h6
15. Qc2 Qd6 16. Rfe1 a6 17. Bd3 Nxd3 18. Qxd3 b5 19. g4 Bxg4 20. Qe2 Qxa3 21.
Rad1 Qxc3 22. a4 Bxf3 23. Qa2 Bxd1 24. Rxd1 Nb4 25. Qb1 c5 26. f4 Qe3+ 27. Kf1
Qxf4+ 0-1

[Event "AUTO-OPEN-4330"]
[Site "http://www.queenalice.com/game.php?id=1777334"]
[Date "2021.12.15"]
[Round "1"]
[White "avieytoa"]
[Black "welligton"]
[Result "1-0"]
[WhiteElo "1852"]
[BlackElo "1162"]

1. e4 e5 2. Nf3 Nf6 3. Nc3 Nc6 4. Bc4 Nd4 5. Nxe5 d6 6. Nxf7 Rg8 7. Nxd8 Kxd8 8.
Bxg8 Nxg8 9. Qh5 a5 10. Qxh7 Nf6 11. Qh4 g5 12. Qxg5 Ra6 13. O-O b6 14. Qxf6+
Ke8 15. Qxd4 b5 16. Nxb5 c5 17. Nc7+ Kd7 18. Qc4 Kd8 19. Qxa6 Bxa6 20. Nxa6 d5
21. exd5 c4 22. b3 cxb3 23. axb3 Bg7 24. Rxa5 1-0

[Event "AUTO-OPEN-4331"]
[Site "http://www.queenalice.com/game.php?id=1777591"]
[Date "2021.12.18"]
[Round "1"]
[White "profeta"]
[Black "welligton"]
[Result "1-0"]
[WhiteElo "1590"]
[BlackElo "1133"]

1. e4 e5 2. d4 exd4 3. Qxd4 Nf6 4. Nc3 d6 5. Bg5 Nxe4 6. Bxd8 Kxd8 7. Nxe4 h5 8.
Nf3 Nc6 9. Qd5 g5 10. Qxf7 g4 11. Qf6+ Ke8 12. Qxh8 b5 13. Qxh5+ Kd7 14. Qxg4+
Ke8 15. Qg6+ Ke7 16. Qh7+ Ke6 17. Nfg5+ Ke5 18. Qh8+ Kd5 19. Qxf8 Bb7 20. Qf7+
Kd4 21. c3+ Ke5 22. Qxc7 b4 23. cxb4 Kd4 24. Qxd6# 1-0

[Event "AUTO-OPEN-4331"]
[Site "http://www.queenalice.com/game.php?id=1777592"]
[Date "2021.12.18"]
[Round "1"]
[White "welligton"]
[Black "profeta"]
[Result "0-1"]
[WhiteElo "1162"]
[BlackElo "1550"]

1. e4 e5 2. Nf3 Nc6 3. Bb5 a6 4. Ba4 Nf6 5. Nc3 b5 6. Bb3 Na5 7. a4 Nxb3 8. cxb3
Bb4 9. O-O Bxc3 10. dxc3 O-O 11. g4 Nxg4 12. b4 Bb7 13. h4 Bxe4 14. h5 h6 15.
Ng5 Bf5 16. axb5 hxg5 17. bxa6 d5 18. b5 Qd7 19. h6 gxh6 20. b3 Qxb5 21. c4 dxc4
22. bxc4 Qxc4 23. f4 Qc5+ 24. Kg2 Ne3+ 25. Bxe3 Qxe3 26. Re1 Be4+ 27. Kh2 Qf2+
28. Kh3 Qg2# 0-1

[Event "AUTO-OPEN-4331"]
[Site "http://www.queenalice.com/game.php?id=1777603"]
[Date "2021.12.18"]
[Round "1"]
[White "maurice91"]
[Black "welligton"]
[Result "1-0"]
[WhiteElo "1729"]
[BlackElo "1162"]

1. d4 e6 2. c4 Nf6 3. Nc3 Nc6 4. e4 d6 5. Nf3 h5 6. h3 Nxe4 7. Nxe4 Nxd4 8. Qxd4
f5 9. Neg5 Rh6 10. h4 Qe7 11. Be2 c5 12. Qc3 Bd7 13. Bd2 Rg6 14. O-O-O d5 15.
Ne5 dxc4 16. Nxg6 Qd6 17. Bf4 Qxf4+ 18. Nxf4 b6 19. Ngxe6 Bxe6 20. Nxe6 b5 21.
Nxf8 Kxf8 22. Bxc4 bxc4 23. Qxc4 f4 24. Qxf4+ Kg8 25. Rd7 g6 26. Qh6 g5 27. Qg7#
1-0

[Event "Let's Play Chess!"]
[Site "http://www.queenalice.com/game.php?id=1858024"]
[Date "2025.5.30"]
[Round "-"]
[White "welligton"]
[Black "josebaron"]
[Result "0-1"]
[WhiteElo "1133"]
[BlackElo "2197"]

1. e4 e5 2. Bb5 Bc5 3. a3 Nf6 4. a4 c6 5. Bc4 Nxe4 6. f3 Nf2 7. h3 Nxd1 8. Kxd1
d5 9. Ba2 Bxg1 10. Rxg1 O-O 11. h4 Qxh4 0-1

[Event "AUTO-OPEN-4597"]
[Site "http://www.queenalice.com/game.php?id=1858047"]
[Date "2025.5.30"]
[Round "1"]
[White "welligton"]
[Black "Zero007"]
[Result "0-1"]
[WhiteElo "1150"]
[BlackElo "1382"]

1. e4 e5 2. Bb5 a6 3. Ba4 b5 4. b3 bxa4 5. bxa4 d6 6. h4 Nf6 7. Nc3 Bb7 8. Rb1
Bxe4 9. Nxe4 Nxe4 10. f3 Nc5 11. g3 Nc6 12. d3 Nxa4 13. h5 Nc3 14. Qd2 Nxb1 15.
Qh2 d5 16. f4 Bb4+ 0-1

[Event "AUTO-OPEN-4597"]
[Site "http://www.queenalice.com/game.php?id=1858048"]
[Date "2025.5.30"]
[Round "1"]
[White "Zero007"]
[Black "welligton"]
[Result "1-0"]
[WhiteElo "1389"]
[BlackElo "1143"]

1. e4 e5 2. f4 exf4 3. Nf3 Bb4 4. c3 Nf6 5. cxb4 O-O 6. d3 Ng4 7. Bxf4 a5 8. Nc3
axb4 9. Nd5 Ne3 10. Nxe3 b3 11. Qxb3 c6 12. Bxb8 Rxb8 13. Be2 c5 14. O-O b5 15.
a4 Rb6 16. axb5 d5 17. Nxd5 1-0